Tablas de distancias

Uloženo v:
Podrobná bibliografie
Korporativní autor: Instituto Hidrográfico de la Armada (Autor)
Médium: Kniha
Jazyk:španělština
Vydáno: Valparaíso Instituto Hidrográfico de la Armada 1964
Vydání:2a. ed
Edice:I.H.A, 3010
Témata:
Tagy: Přidat tag
Žádné tagy, Buďte první, kdo vytvoří štítek k tomuto záznamu!

MARC

LEADER 00000nam a2200000 a 4500
001 UCU6229
003 CL-VaPUC
008 960614e19640000CL |||||||||||||||||spa|d
082 0 4 |a 623.892  |b INS  |2 21 
110 2 |a Instituto Hidrográfico de la Armada  |e author  |9 364412 
245 1 0 |a Tablas de distancias 
250 |a 2a. ed 
300 |a 31 p 
942 |c BK 
945 |d 19960614 00:00:00  |a paguirre 
260 |a Valparaíso  |b Instituto Hidrográfico de la Armada  |c 1964 
650 0 |a Navegación   |9 255384 
650 7 |a CARTAS DE NAVEGACION  |2 CL-VaPUC  |9 357819 
650 7 |a AYUDAS A LA NAVEGACION  |2 CL-VaPUC  |9 339701 
583 |a last modification  |c 19960614 00:00:00  |k Rodrigo Vera 
490 0 |a I.H.A, 3010 
999 |c 249245  |d 249243 
952 |0 0  |1 0  |4 0  |6 623_892000000000000_INS_1964  |7 0  |8 A  |9 266409  |a BIBING  |b BIBING  |d 2019-11-19  |i 1684922  |o 623.892 INS 1964  |p 1684922  |r 2025-01-20  |w 2019-11-19  |y BK  |k TRA